La Revisión de precios en la contratación administrativa / Oscar Moreno Gil ; prólogo: José Luis Villar Palasí José Luis Villar Palasí
ISBN:
84-7398-098-0
Descripción Física:
350 p.: il., taules ; 25 cm
Otros Autores:
Villar i Palasí, Josep Lluís, 1922-2012
MARC
| LEADER | 00000nam a2200000Ia 4500 | ||
|---|---|---|---|
| 001 | 14092 | ||
| 008 | 160829s1980 xx 000 0 cat d | ||
| 020 | |a 84-7398-098-0 | ||
| 080 | |a M-4-117 | ||
| 100 | |a Moreno Gil, Óscar |9 32951 | ||
| 245 | |a La Revisión de precios en la contratación administrativa / Oscar Moreno Gil ; prólogo: |b José Luis Villar Palasí | ||
| 260 | |a Madrid : |b Civitas, |c 1980 | ||
| 300 | |a 350 p.: |b il., taules ; |c 25 cm | ||
| 590 | |a Notes, referències bibliogràfiques, bibliografia. | ||
| 590 | |a Taula cronològica. | ||
| 590 | |a Índex | ||
| 650 | |a Contractes administratius |x Espanya |x Aspectes econòmics |9 34155 | ||
| 700 | 1 | |a Villar i Palasí, Josep Lluís, |d 1922-2012 |e autor del pròleg |9 30750 | |
| 901 | |a Arxiu | ||
| 942 | |n 1 |2 udc | ||
| 952 | |0 0 |1 0 |4 0 |6 M4117 |7 1 |9 46400 |a Arxiu |b Arxiu |d 2016-12-01 |l 0 |o M-4-117 |p 14092 |r 2016-12-01 00:00:00 |w 2016-12-01 |y ARXIU | ||
| 999 | |c 50185 |d 50185 | ||